Ferrocarriles de Chile: historia y organización
Gespeichert in:
| Format: | Buch |
|---|---|
| Sprache: | Spanisch |
| Veröffentlicht: |
Santiago, Chile
Rumbo
1943
|
| Schlagworte: | |
| Tags: |
Tag hinzufügen
Keine Tags, Fügen Sie den ersten Tag hinzu!
|
MARC
| LEADER | 00000nam a2200000 a 4500 | ||
|---|---|---|---|
| 001 | UCO2038 | ||
| 003 | CL-VaPUC | ||
| 005 | 20210604001710.0 | ||
| 008 | 000602e19430000CL |||||||||||||||||spa|d | ||
| 999 | |c 288582 |d 288580 | ||
| 040 | |c Pontificia Universidad Católica de Valparaíso | ||
| 082 | 0 | 4 | |a 385.0983 FER 1943 |2 21 |
| 245 | 1 | 0 | |a Ferrocarriles de Chile: |b historia y organización |
| 260 | |a Santiago, Chile |b Rumbo |c 1943 | ||
| 300 | |a 448 páginas | ||
| 583 | |a last modification |c 20000602 00:00:00 |k Rodrigo Vera | ||
| 650 | 0 | |a Ferrocarriles |z CHILE |9 260933 | |
| 650 | 0 | |a Historia |x FERROCARRILES |9 255047 | |
| 650 | 0 | |a Transporte Ferroviario |z CHILE |9 353259 | |
| 852 | |a BIBCUR | ||
| 942 | |c BK |2 ddc | ||
| 945 | |d 20000602 00:00:00 |a crobeson | ||
| 952 | |0 0 |1 0 |2 ddc |4 0 |6 385_098300000000000_FER_1943 |7 0 |8 X |9 336355 |a BIBHIS |b BIBHIS |d 2019-11-20 |i 1277731 |l 2 |o 385.0983 FER 1943 |p 1277731 |r 2024-01-30 |s 2023-06-23 |t 1 |w 2019-11-20 |y BK_X |k HIS | ||